000 00832nam a22002177a 4500
003 UA-OsUOA
001 78302
007 ta
008 20111010b un ||||| |||| 00| 0 ukr d
100 _aСемена М.
090 _a908
_bС30
942 _cSA
040 _aUA-OsUOA
_bukr
_cUA-OsUOA
_dUA-OsUOA
245 _aНаталія Реденко: Роботу над національною самоідентифікацією не спрямовано проти інших народів Колектив Сімферопольської української гімназії підтримав ініціативу Острозької академії про відзначення 1
300 _aС.6
955 _a0
041 _aukr
080 _a908
773 0 _w78301
650 7 _a908 Краєзнавство
_2UDC
999 _c364614
_d364614